Die höchstgelegenen Städte Österreichs - Statistiken

Allgemein
  • Dieses Quiz wurde 41 mal gespielt
  • Das Durchschnittsergebnis liegt bei 9 aus 22
Antwortstatistiken
Höhe in m Stadt BL % Korrekt
574 Innsbruck TI
88%
504 Kufstein TI
59%
757 Zell am See SB
59%
574 Hall in Tirol TI
56%
748 Saalfelden am Steinernen Meer SB
50%
827 Imst TI
47%
560 Spittal an der Drau KN
47%
588 Bludenz VO
44%
673 Lienz TI
44%
511 Wörgl TI
41%
545 Schwaz TI
38%
565 St. Johann im Pongau SB
38%
501 Villach KN
38%
634 Telfs TI
35%
541 Leoben ST
32%
544 Bischofshofen SB
29%
554 Feldkirchen in Kärnten KN
29%
502 Kapfenberg ST
26%
645 Knittelfeld ST
18%
520 Zwettl
18%
658 Trofaiach ST
15%
512 Seekirchen am Wallersee SB
12%
Keine übereinstimmenden Quizze gefunden
Verteilung der Resultate
Anzahl Personen mit jedem Resultat
Perzentil nach korrekt beantworteten Fragen
Ihre Resultats-Entwicklung
Sie haben dieses Quiz noch nicht gespielt